• 首页
  • 本馆介绍
  • 公告通知
  • 最新文献
  • 馆藏检索
  • 电子资源
  • 读者导购
  • 参考咨询
  • 我的图书馆
  • 登录
  • 详细信息显示
  • 放入我的书架
  • 预约/预借图书
  • 作者相关作品
  • 分类相关作品
  • 丛书相关作品
  • 出版社相关作品

书目信息

  • 表格格式
  • 工作单格式
  • 卡片格式
题名:
全彩图解电动机接线与维修
    
 
作者: 韩雪涛 主编 ;数码维修工程师鉴定指导中心 组织编写
分册:  
出版信息: 北京   电子工业出版社  2014
页数: 250页
开本: 26cm
丛书名: 电工彩虹桥
单 册:
中图分类: TM32-64 , TM32
科图分类:
主题词: 电动机--Dian Dong Ji--电气接线--图解 , 电动机--Dian Dong Ji--维修--图解
电子资源:
ISBN: 978-7-121-22571-0
000 01524nam 2200313 450
001 1675801911
005 20140506105634.5
010    @a978-7-121-22571-0@dCNY59.00
100    @a20140506d2014 em y0chiy0120 ea
101 0  @achi
102    @aCN@b110000
105    @aa z 000yy
106    @ar
200 1  @a全彩图解电动机接线与维修@AQuan Cai Tu Jie Dian Dong Ji Jie Xian Yu Wei Xiu@f数码维修工程师鉴定指导中心组织编写@g韩雪涛主编
210    @a北京@c电子工业出版社@d2014
215    @a250页@c彩图@d26cm
225 2  @a电工彩虹桥@ADian Gong Cai Hong Qiao
330    @a本书根据电工行业读者的学习习惯和技能培训特点,结合岗位就业的实际需求,将电动机接线与维修保养的知识和技能划分成4个大的项目模块。主要内容包括了解电动机的结构原理、分析电动机的控制电路、掌握电动机检修和保养方法、学会电动机绕组的接线绕制。书中所选知识和技能均来源于实际工作,兼顾资料查询和技能学习的双重特性,能够确保学习的实际效果。
333    @a本书可作为职业技术院校电子电气相关专业的基础教材,也可作为相关企业从业人员的培训教材,还可作为广大电子电气初级从业人员、初学者及爱好者的实用技能读本
410  0 @12001 @a电工彩虹桥
517 1  @a电动机接线与维修@ADian Dong Ji Jie Xian Yu Wei Xiu
606 0  @a电动机@ADian Dong Ji@x电气接线@j图解
606 0  @a电动机@ADian Dong Ji@x维修@j图解
690    @aTM32-64@v5
690    @aTM32@v4
701  0 @a韩雪涛@AHan Xue Tao@4主编
712 02 @a数码维修工程师鉴定指导中心@AShu Ma Wei Xiu Gong Cheng Shi Jian Ding Zhi Dao Zhong Xin@4组织编写
801  0 @aCN@b江苏新华@c20150511
905    @aBZT@dTM32@e35
    
    全彩图解电动机接线与维修/数码维修工程师鉴定指导中心组织编写/韩雪涛主编.-北京:电子工业出版社,2014
    250页:彩图;26cm.-(电工彩虹桥)
    使用对象:本书可作为职业技术院校电子电气相关专业的基础教材,也可作为相关企业从业人员的培训教材,还可作为广大电子电气初级从业人员、初学者及爱好者的实用技能读本
    
    ISBN 978-7-121-22571-0:CNY59.00
    本书根据电工行业读者的学习习惯和技能培训特点,结合岗位就业的实际需求,将电动机接线与维修保养的知识和技能划分成4个大的项目模块。主要内容包括了解电动机的结构原理、分析电动机的控制电路、掌握电动机检修和保养方法、学会电动机绕组的接线绕制。书中所选知识和技能均来源于实际工作,兼顾资料查询和技能学习的双重特性,能够确保学习的实际效果。
●
相关链接 在五车中查询图书 在当当中查询图书 在豆瓣中查询图书


正题名:全彩图解电动机接线与维修     索取号:TM32/35         预约/预借

序号 登录号 条形码 馆藏地/架位号 状态 备注
1 800765   2000800765   第二书库/ [索取号:TM32/35] 在馆    
2 800766   2000800766   第二书库/ [索取号:TM32/35] 在馆    
3 800767   2000800767   第二书库/ [索取号:TM32/35] 在馆    
山东省滨州职业学院图书馆 欢迎您!
大连网信软件有限公司© 版权所有